000 00576nam a22001577a 4500
003 0
005 20250203140127.0
008 221006b xxu||||| |||| 00| 0 eng d
050 _aHG4026
_b.C78 2022
100 _aCruz, Meredith S.
245 _aThe impact of the COVID-19 pandemic on the financial management behavior of selected residents in Paranaque, Metro Manila
_cMeredith S. Cruz
260 _aLas Pinas City, Philippines
_bSouthville International School and College
_cC2022
300 _ax,123pp.
_c28cm.
_fTheses
500 _aFinancial management.
942 _2lcc
_cTH
999 _c364832
_d364832